Great men of the Bible. (Record no. 3482)

000 -LEADER
fixed length control field 00621nam a2200193 a 4500
001 - CONTROL NUMBER
control field :::00001213$&:&@@
003 - CONTROL NUMBER IDENTIFIER
control field OkBaRHE
005 - DATE AND TIME OF LATEST TRANSACTION
control field 20000607103242.0
008 - FIXED-LENGTH DATA ELEMENTS--GENERAL INFORMATION
fixed length control field s1937 j 000 0 eng u
040 ## - CATALOGING SOURCE
Transcribing agency
100 1# - MAIN ENTRY--PERSONAL NAME
Personal name Bowie, Walter Russell, 1882-1969.
245 10 - TITLE STATEMENT
Title Great men of the Bible.
260 ## - PUBLICATION, DISTRIBUTION, ETC. (IMPRINT)
Place of publication, distribution, etc New York, NY., :
Name of publisher, distributor, etc Harper & Brothers Publishers
Date of publication, distribution, etc c1937
300 ## - PHYSICAL DESCRIPTION
Extent 228 p. ;
Dimensions 20 cm.
650 ## - SUBJECT ADDED ENTRY--TOPICAL TERM
Topical term or geographic name as entry element Bible
General subdivision Biography
650 ## - SUBJECT ADDED ENTRY--TOPICAL TERM
Topical term or geographic name as entry element Protestant Episcopal Church in the U.S.A. Sermons
942 ## - ADDED ENTRY ELEMENTS (KOHA)
Source of classification or shelving scheme
Koha item type Books
Copies
Full call number Withdrawn status Date acquired Koha item type Barcode Permanent Location Not for loan Date last seen Copy number Source of classification or shelving scheme Price effective from Lost status Shelving location Damaged status
BS 571 .B57 2010-04-14Books1213RHEMA Bible Training College 2012-01-111 2010-04-14 General Stacks